00730nam a2200217Ia 4500003000400000005001700004008004100021020001800062040001800080041000800098082002900106100001700135245014800152250001200300260004400312300003000356650003500386650002700421650004600448700001800494OSt20260226120345.0210716s2017 xx 000 0 und d a9781788290227 cAIMIT LIBRARY aeng a658.4038011 2PALAbPALA aPal, Avishek aPractical time series analysis :bmaster time series data processing visualization and modeling using python /cBy Avishek Pal and PKS Prakash. a1st ed. aMumbai :bPackt Publishing Ltd ,c2017. aiii,230 p.;bPBc23.5 cm. aUnderstanding time series data aAuto regressive models aDeep learning for time series forecasting aPrakash, PKS.